000 00372nam a2200121Ia 4500
008 160609s9999 xx 000 0 und d
100 _aNorvilitis, Jill M.
245 _aAdhd: New Directions In Diagnosis And Treatment Ed
245 _cBy:Jill M. Norvilitis
260 _c2015
650 _xADHD
856 _uhttp://file.ebook777.com/AdhNewDirInDiaAndTreEd.ByJilM.Nor.pdf
999 _c295829
_d295829